|
|
|
|
| LEADER |
00000cam a2200000 i 4500 |
| 001 |
1/8062 |
| 008 |
100604s2006 gr | ||| |||| ||gre|| |
| 020 |
|
|
|a 9789601625669
|
| 035 |
|
|
|l 10108115
|
| 040 |
|
|
|a GR-MyUA
|b gre
|e AACR2
|
| 041 |
1 |
|
|a gre
|h eng
|
| 082 |
0 |
|
|a 370.15
|2 (22)
|
| 100 |
1 |
|
|a Bigge, Morris L.
|
| 245 |
1 |
0 |
|a Θεωρίες μάθησης για εκπαιδευτικούς /
|c Morris L. Bigge - Samuel S. Shermis ; μετάφραση Φοίβος Αρβανίτης ; επιμέλεια Ρέμος Αρμάος, Νίκη Φίλλιπς.
|
| 250 |
|
|
|a 2η έκδ. Αναθ. και συμπληρωμένη.
|
| 260 |
|
|
|a Αθήνα :
|b Πατάκης,
|c c2006.
|
| 300 |
|
|
|a 438 σ. ;
|c 24 εκ.
|
| 500 |
|
|
|a Μετάφραση απο τα αγγλικά
|
| 504 |
|
|
|a Περιέχει βιβλιογραφικές παραπομπές και ευρετήριο.
|
| 650 |
0 |
0 |
|a Learning, Psychology of.
|
| 650 |
0 |
0 |
|a Educational psychology.
|
| 700 |
1 |
|
|a Shermis, S. Samuel.
|
| 700 |
1 |
|
|a Αρβανίτης, Φοίβος,
|e trl
|
| 700 |
1 |
|
|a Αρμάος, Ρέμος,
|e edt
|
| 700 |
1 |
|
|a Φίλλιπς, Νίκη,
|e edt
|
| 765 |
0 |
8 |
|i Μετάφραση του:
|t Learning theories for teachers /
|
| 852 |
|
|
|a INST
|b LESVOS
|e 20100604
|h 370.15 BIG
|p 005100047482
|q 005100047482
|t BK
|y 0
|
| 852 |
|
|
|a INST
|b LESVOS
|c EUDOXUS
|e 20141217
|h 370.15 BIG
|p 005100055323
|q 005100055323
|t EDX
|y 0
|
| 901 |
|
|
|a BIBL1-2010-2
|
| 901 |
|
|
|a BIBL1-2014-3
|
| 909 |
|
|
|a Λ
|b 164584
|
| 909 |
|
|
|a Λ
|b 191346
|
| 920 |
|
|
|a ΕΥΔΟΞΟΣ
|b ΠΑΡΑΓΓΕΛΙΑ
|y Λέσβος-ΤΚ
|z 2014-11
|
| 970 |
|
|
|a ΓΙΑΛΑΜΑ
|b ΜΑΡΙΑ
|z 2010/06/04
|